000 00534nam a2200181 4500
001 107022
003 ES-MaACL
005 20250920063053.0
007 t|
008 061121s1971 sp r ||||1| spa d
100 1 _aMoreto, Agustín,
_d1618-1669
_983478
245 1 3 _aEl valiente justiciero /
_cAgustín Moreto; edición de Frank P. Casa.
260 _aSalamanca :
_bAnaya,
_c1971.
300 _a192 p. ;
_c17 cm.
700 1 _aCasa, Frank P.
_935981
852 _aES-MaACL
_jC-41647
_bR.79845
999 _c107022
_d107022